Statistics for Montreal Canadiens Captains

Click here to take the quiz!

General Stats

  • This quiz has been taken 82 times
  • The average score is 13 of 30

Answer Stats

YearsAnswer% Correct
2019-CurrentShea Weber
91%
1957-60Maurice Richard
86%
1972-75Henri Richard
85%
1962-71Jean Beliveau
82%
2016-18Max Pacioretty
79%
2000-09Saku Koivu
77%
2011-14Brian Gionta
70%
1982-89Bob Gainey
64%
1990-94Guy Carbonneau
64%
1980-81Serge Savard
58%
1976-79Yvan Cournoyer
56%
1997-99Vincent Damphousse
52%
1941-48Toe Blake
48%
1990Chris Chelios
45%
1995Kirk Muller
45%
1961Doug Harvey
42%
1949-56Butch Bouchard
39%
1996-97Pierre Turgeon
38%
1995-96Mike Keane
36%
1918-22Newsy Lalonde
32%
1948Bill Durnan
21%
1934-36Sylvio Mantha
17%
1927-32Sylvio Mantha
17%
1923-25Sprague Cleghorn
11%
1937-39Babe Siebert
9%
1933George Hainsworth
8%
1926Billy Coutu
6%
1940Walt Buswell
6%
2014Thomas Vanek
2%
2004Jim Dowd
0%

Score Distribution

Percentile by Number Answered

Percent of People with Each Score

Your Score History

You have not taken this quiz